| 000 | 00406 a2200133 4500 | ||
|---|---|---|---|
| 020 | _a978-621-416-044-0 | ||
| 100 | _aSalosagcol, Jekell G. | ||
| 110 | _aSalosagcol, Jekell G. | ||
| 245 | _aAuditing theory : A guide in Understanding the Philippines Standards on Auditing. | ||
| 250 | _a2018 edition | ||
| 260 |
_bGIC Enterprises & Co. _c2018 |
||
| 264 |
_bGIC Enterprises & Co. _c2018 |
||
| 942 |
_cBK - FIL _n0 |
||
| 999 |
_c1739 _d1739 |
||